Международное право. Особенная часть: учебник для вузов

Λεπτομέρειες βιβλιογραφικής εγγραφής
Κύριος συγγραφέας: Лукашук И. И. Игорь Иванович
Περίληψη:Исключено из фонда НТБ ТПУ
Γλώσσα:Ρωσικά
Έκδοση: Москва, Бек, 1998
Μορφή: MixedMaterials Βιβλίο
KOHA link:https://koha.lib.tpu.ru/cgi-bin/koha/opac-detail.pl?biblionumber=24602

MARC

LEADER 00000nam0a2200000 4500
001 24602
005 20231030200301.0
010 |a 5856391810 
035 |a (RuTPU)RU\TPU\book\24831 
035 |a BOOK00024904 
090 |a 24602 
100 |a 20011209d1998 m y0rusy50 ca 
101 0 |a rus 
102 |a RU 
105 |a y j 001zy 
200 1 |a Международное право. Особенная часть  |e учебник для вузов  |f И. И. Лукашук 
210 |a Москва  |c Бек  |d 1998 
215 |a 393 с. 
320 |a Библиогр.: с. 355-364. 
333 |a Исключено из фонда НТБ ТПУ 
686 |a Х91я73  |v LBC/SL-A  |2 rubbk 
700 1 |a Лукашук  |b И. И.  |g Игорь Иванович 
801 0 |a RU  |b 63413507  |c 20011209  |g PSBO 
801 2 |a RU  |b 63413507  |c 20210617  |g PSBO 
942 |c BK